| 000 | 00449nam a2200181Ia 4500 | ||
|---|---|---|---|
| 005 | 20240510023851.0 | ||
| 008 | 240331s9999 xx 000 0 und d | ||
| 020 | _a | ||
| 082 |
_bGLO _a332 |
||
| 245 | 0 | _aGlobalisation of capital | |
| 260 |
_aNew Delhi _b A Lal Parcham - Lok Dasta Publication _c1997 |
||
| 300 | _a261 p ., | ||
| 650 | _aSocial | ||
| 650 | _aPolitical | ||
| 700 |
_aParcham, Lal _eedt |
||
| 700 |
_aDasta, Lok _eedt |
||
| 942 | _cL | ||
| 999 |
_c2719 _d2719 |
||